Schauspielerinnen #1 - Statistiken

Allgemein
  • Dieses Quiz wurde 138 mal gespielt
  • Das Durchschnittsergebnis liegt bei 9 aus 16
Antwortstatistiken
Bildquiz Antwort % Korrekt
Angelina Jolie
83%
Jennifer Aniston
78%
Julia Roberts
76%
Jennifer Lawrence
74%
Margot Robbie
74%
Marilyn Monroe
71%
Emma Stone
70%
Scarlett Johansson
63%
Natalie Portman
62%
Anne Hathaway
51%
Audrey Hepburn
40%
Penélope Cruz
40%
Uma Thurman
34%
Emilia Clarke
31%
Anya Taylor-Joy
21%
Lucy Liu
18%
Keine übereinstimmenden Quizze gefunden
Verteilung der Resultate
Anzahl Personen mit jedem Resultat
Perzentil nach korrekt beantworteten Fragen
Ihre Resultats-Entwicklung
Sie haben dieses Quiz noch nicht gespielt